Litigantes y pedigüeños (Record no. 34946)

MARC details
000 -LEADER
campo de control de longitud fija 00844nam a2200241 i 4500
001 - NÚMERO DE CONTROL
campo de control 34946
003 - IDENTIFICADOR DE NÚMERO DE CONTROL
campo de control ES-MaACL
005 - FECHA Y HORA DE LA ÚLTIMA TRANSACCIÓN
campo de control 20231204183641.0
007 - CAMPO FIJO DE DESCRIPCIÓN FÍSICA--INFORMACIÓN GENERAL
campo de control de longitud fija t|
008 - DATOS DE LONGITUD FIJA--INFORMACIÓN GENERAL
campo de control de longitud fija 030211s1946 sp f ||||1| spa d
080 ## - NÚMERO DE LA CLASIFICACIÓN DECIMAL UNIVERSAL
Número de la Clasificación Decimal Universal 327(00)"19"
080 ## - NÚMERO DE LA CLASIFICACIÓN DECIMAL UNIVERSAL
Número de la Clasificación Decimal Universal 940.3
100 1# - ENTRADA PRINCIPAL--NOMBRE DE PERSONA
Nombre de persona Bonsal, Stephen.
9 (RLIN) 30297
245 10 - MENCIÓN DEL TÍTULO
Título Litigantes y pedigüeños
Resto del título : las pequeñas naciones de Versalles /
Mención de responsabilidad, etc. por Stephen Bonsal ; prólogo de Carlos Sentís ; traducción del inglés por Rafael Vázquez-Zamora.
250 ## - MENCION DE EDICION
Mención de edición [1ª ed. castellana].
260 ## - PUBLICACIÓN, DISTRIBUCIÓN, ETC.
Lugar de publicación, distribución, etc. [Madrid :
Nombre del editor, distribuidor, etc. Coca y Biosca,
Fecha de publicación, distribución, etc. 1946]
300 ## - DESCRIPCIÓN FÍSICA
Extensión 476 p., 11 lám. :
Otras características físicas retr. aut. ;
Dimensiones 20 cm.
651 #4 - PUNTO DE ACCESO ADICIONAL DE MATERIA--NOMBRE GEOGRÁFICO
Nombre geográfico Europa-
Subdivisión general Historia-
Subdivisión cronológica 1918-1945.
9 (RLIN) 8609
700 1# - ENTRADA AGREGADA--NOMBRE PERSONAL
Nombre de persona Sentís, Carlos.
9 (RLIN) 105483
700 1# - ENTRADA AGREGADA--NOMBRE PERSONAL
Nombre de persona Vázquez Zamora, Rafael,
Fechas asociadas al nombre 1911-1972
9 (RLIN) 113498
852 ## - LOCALIZACIÓN
Ubicación ES-MaACL
Número de control de estantería D-5602
Holdings
Estatus retirado Estado de pérdida Estado de daño No para préstamo Biblioteca de origen Biblioteca actual Ubicación en estantería Fecha de adquisición Fuente de adquisición Total de préstamos Signatura topográfica completa Código de barras Visto por última vez Precio de reemplazo Tipo de ítem Koha
        Biblioteca del Ateneo de Madrid Biblioteca del Ateneo de Madrid Sala Valle Inclán 17/01/2008     D-5602 901036501 23/02/2023 23/02/2023 Libro impreso